[Event "Druzynowe Mistrzostwa Polski Juniorow 2019 - II Liga"]
[Site "Szczyrk"]
[Date "1899-12-30"]
[Round "6.22"]
[White "Raba, Bartosz"]
[Black "Rzepka, Marcin"]
[Result "1-0"]
[WhiteTitle "II"]
[BlackTitle "II"]
[WhiteElo "1373"]
[BlackElo "1304"]

1. e4 e5 2. Nf3 Nc6 3. d4 exd4 4. Bc4 Bc5 5. c3 Nf6 6. O-O d6 7. cxd4 Bb6 8. d5
Ne5 9. Nxe5 dxe5 10. Bb5+ Bd7 11. Bxd7+ Qxd7 12. Qe2 O-O 13. Be3 Bxe3 14. Qxe3
c6 15. dxc6 Qxc6 16. Nc3 Rfd8 17. Rac1 Qa6 18. Qg5 Re8 19. Rfd1 Rac8 20. h3 h6
21. Qe3 Qa5 22. a3 Qc5 23. Qe1 Qe7 24. Rd2 a6 25. Rdc2 Qe6 26. Qe3 Qb3 27. Kf1
Red8 28. f3 Re8 29. Kf2 Red8 30. Rd2 Qe6 31. Rcd1 Qe7 32. Qb6 Rxd2+ 33. Rxd2 Qc5+
34. Qxc5 Rxc5 35. Ke3 Kf8 36. Rd6 Ke7 37. Rb6 Rc7 38. Rxf6 gxf6 39. Nd5+ Kd6 40.
Nxc7 Kxc7 41. f4 Kd6 42. b4 Kc6 43. fxe5 fxe5 44. a4 Kd6 45. a5 Ke6 46. g4 Kd6
47. Kd3 Ke6 48. Kc4 Kd6 49. b5 Kc7 50. bxa6 bxa6 51. Kc5 f6 52. h4 Kb7 53. Kd6
Kc8 54. Ke6 Kc7 55. Kxf6 Kd6 56. g5 hxg5 57. hxg5 Kc5 58. g6 Kd4 59. g7 Kxe4 60.
g8=Q Kd4 61. Qg1+ 1-0

[Event "Druzynowe Mistrzostwa Polski Juniorow 2019 - II Liga"]
[Site "Szczyrk"]
[Date "1899-12-30"]
[Round "6.23"]
[White "Kroliczek, Gabriela"]
[Black "Gredka, Dominika"]
[Result "1-0"]
[WhiteTitle "I++"]
[BlackTitle "I++"]
[WhiteElo "1664"]
[BlackElo "1658"]

1. e4 c5 2. Nf3 d6 3. d4 cxd4 4. Nxd4 Nf6 5. f3 a6 6. c4 e5 7. Nc2 Be6 8. Nc3 Nbd7
9. Be2 Rc8 10. Ne3 Be7 11. O-O O-O 12. Ncd5 Bxd5 13. cxd5 b5 14. Kh1 Nb6 15. b3
Nbd7 16. Nc2 Nc5 17. Nb4 Qb6 18. Be3 Qb7 19. Rc1 Nfd7 20. g3 Bf6 21. Nc6 Rfe8
22. Qe1 g6 23. Qf2 Bg7 24. Rc2 h6 25. Rfc1 Kh7 26. b4 Na4 27. Na5 Qa8 28. Rc6
Bf8 29. Bd1 Nf6 30. Bxa4 bxa4 31. Qe2 Rb8 32. Rxa6 1-0

[Event "Druzynowe Mistrzostwa Polski Juniorow 2019 - II Liga"]
[Site "Szczyrk"]
[Date "1899-12-30"]
[Round "6.24"]
[White "Wiecek, Karolina"]
[Black "Cieslak, Jessica"]
[Result "0-1"]
[WhiteTitle "II+"]
[BlackTitle "I"]
[WhiteElo "1189"]
[BlackElo "1332"]

1. d4 d5 2. c4 e6 3. Nc3 a6 4. Bf4 dxc4 5. e3 b5 6. Nf3 Bb7 7. Be2 Nf6 8. O-O Nbd7
9. Qc2 Bd6 10. Bg3 O-O 11. Rfe1 Bxg3 12. hxg3 c5 13. Rad1 Qc7 14. dxc5 Nxc5 15.
Nd4 Nce4 16. Nxe4 Bxe4 17. Qc1 Rac8 18. a3 Rfd8 19. Nf3 Nd5 20. Nd2 Bg6 21. Nb1
Bxb1 22. Qxb1 c3 23. bxc3 Nxc3 24. Rxd8+ Rxd8 25. Qb2 Nxe2+ 26. Rxe2 Qc5 27. Re1
Rc8 28. Rd1 h6 29. Rb1 Qc3 30. Qa2 Qd3 31. Qb2 Rc3 32. Ra1 Rb3 33. Qc1 a5 34.
Qc8+ Kh7 35. Qc1 a4 36. Kh1 Kg6 37. Kg1 Kf6 38. Kh1 Qc3 39. Qf1 Rxa3 40. Rxa3
Qxa3 41. Qxb5 Qb3 42. Qd7 Qb4 43. Qd8+ Kg6 44. Qd3+ f5 45. Kh2 a3 46. Qd7 Qb3
47. Qe8+ Kh7 0-1

[Event "Druzynowe Mistrzostwa Polski Juniorow 2019 - II Liga"]
[Site "Szczyrk"]
[Date "1899-12-30"]
[Round "6.25"]
[White "Krawczyk, Wojciech"]
[Black "Hrymowicz, Artur"]
[Result "0-1"]
[WhiteTitle "I"]
[BlackTitle "I++"]
[WhiteElo "1780"]
[BlackElo "2052"]

1. d4 Nf6 2. c4 b6 3. Nc3 Bb7 4. Qc2 d5 5. cxd5 Nxd5 6. Nf3 e6 7. e4 Nxc3 8. bxc3
Be7 9. Bb5+ c6 10. Bd3 c5 11. O-O cxd4 12. cxd4 O-O 13. Be3 Nc6 14. a3 Rc8 15.
Qb2 Bf6 16. Rac1 Qd7 17. Bb5 a6 18. Bd3 b5 19. Rfd1 Rfd8 20. Be2 Qc7 21. Rc2 Qa5
22. Qb3 g6 23. h3 Ne7 24. e5 Bg7 25. Bd2 Qb6 26. Bb4 Bd5 27. Qb2 Qb7 28. Rdc1
Bh6 29. Rxc8 Nxc8 30. Rc2 Nb6 31. Bd6 Rc8 32. Rxc8+ Qxc8 33. Nh2 Na4 34. Qb4 Qc3
35. Ng4 Qc1+ 36. Bf1 Bd2 37. Nh6+ Bxh6 38. Qa5 Qc8 39. Be2 Bf8 40. h4 Nc3 41.
Bd3 Ne4 42. Bxf8 Kxf8 43. Qb4+ Kg7 44. Qe7 Qc1+ 45. Kh2 Qf4+ 0-1

[Event "Druzynowe Mistrzostwa Polski Juniorow 2019 - II Liga"]
[Site "Szczyrk"]
[Date "1899-12-30"]
[Round "6.26"]
[White "Jordan, Adam"]
[Black "Wrona, Florian"]
[Result "0-1"]
[WhiteTitle "I+"]
[BlackTitle "I"]
[WhiteElo "1974"]
[BlackElo "1567"]

1. d4 Nf6 2. c4 e6 3. Nc3 d5 4. Nf3 c6 5. e3 Nbd7 6. Bd3 dxc4 7. Bxc4 b5 8. Bd3
a6 9. O-O c5 10. b3 b4 11. Ne4 Bb7 12. Nxf6+ Nxf6 13. Bb2 Be7 14. dxc5 Bxc5 15.
Rc1 Rc8 16. Qe2 Bxf3 17. gxf3 a5 18. Bb5+ Ke7 19. Rfd1 Bd6 20. e4 Rxc1 21. Bxc1
Qc7 22. Rxd6 Qxd6 23. e5 Qd4 24. Bb2 Qc5 25. exf6+ gxf6 26. Qd3 Qg5+ 27. Kf1 Rd8
28. f4 Qxf4 29. Qg3 Rd1+ 30. Kg2 Qe4+ 31. Kh3 Qf5+ 32. Qg4 Qxg4+ 33. Kxg4 Rd2
34. Bc1 Rxf2 35. h4 h5+ 36. Kg3 Rxa2 37. Be3 f5 38. Kf4 Kf6 39. Bd4+ Kg6 40. Bb6
Ra3 41. Ba4 Rxa4 42. bxa4 b3 43. Bd4 f6 44. Bb2 e5+ 45. Kf3 f4 46. Ke4 f5+ 47.
Kf3 Kf6 48. Bc3 Ke6 49. Bb2 Kd5 50. Ba1 e4+ 51. Kxf4 Kc4 52. Ke3 Kb4 53. Kd4 Kxa4
0-1

[Event "Druzynowe Mistrzostwa Polski Juniorow 2019 - II Liga"]
[Site "Szczyrk"]
[Date "1899-12-30"]
[Round "6.27"]
[White "Knapik, Kamil"]
[Black "Taranowicz, Michal"]
[Result "0-1"]
[WhiteTitle "II+"]
[BlackTitle "I"]
[WhiteElo "1583"]
[BlackElo "1630"]

1. d4 Nf6 2. Nf3 d5 3. Bf4 c5 4. e3 Nc6 5. c3 Qb6 6. Qc1 Bf5 7. Nbd2 cxd4 8. exd4
Rc8 9. Be2 e6 10. O-O Be7 11. Be5 O-O 12. Nh4 Bg6 13. Nxg6 hxg6 14. Kh1 Qa5 15.
Nb3 Qd8 16. Bb5 Ne4 17. f3 Nd6 18. Bxc6 Rxc6 19. Bxd6 Bxd6 20. Qe3 b5 21. a3 a5
22. Rac1 Qc7 23. Qg1 Bf4 24. Ra1 b4 25. axb4 axb4 26. cxb4 Qb6 27. Nc5 Qxb4 28.
Nd3 Qd6 29. Nxf4 Qxf4 30. b3 Rb8 31. g3 Qd2 32. Rad1 Qb4 33. Rd3 Rc3 34. Rfd1
Qxb3 35. Rxc3 Qxc3 36. Qf1 Rb3 37. Kg2 Rb2+ 38. Kh3 Qe3 39. f4 Qe4 40. Qd3 Qg2+
41. Kg4 Qxh2 42. f5 Qh5+ 43. Kf4 Rf2+ 44. Ke5 Rxf5+ 45. Kd6 Qg5 46. Kd7 e5 47.
Qb3 Qg4 48. Kc6 Rf6+ 49. Kc5 Qc8+ 50. Kb5 Qb7+ 51. Ka4 Ra6# 0-1

[Event "Druzynowe Mistrzostwa Polski Juniorow 2019 - II Liga"]
[Site "Szczyrk"]
[Date "1899-12-30"]
[Round "6.28"]
[White "Kitewski, Bartosz"]
[Black "Szlosarczyk, Hubert"]
[Result "0-1"]
[WhiteTitle "II"]
[BlackTitle "I"]
[WhiteElo "1447"]
[BlackElo "1549"]

1. d4 d5 2. c4 e6 3. Nc3 Nf6 4. Bg5 Nbd7 5. cxd5 exd5 6. e3 c6 7. Bd3 Qc7 8. Rc1
Bd6 9. Nf3 O-O 10. O-O a6 11. a3 Re8 12. Qc2 h6 13. Bh4 Qb8 14. b4 a5 15. Qb3
axb4 16. axb4 b5 17. Qb1 Bb7 18. Rfe1 Qa7 19. Bg3 Bxg3 20. hxg3 Nb6 21. e4 dxe4
22. Nxe4 Nxe4 23. Bxe4 Nc4 24. Qd3 Qb6 25. Ne5 Nxe5 26. dxe5 Rad8 27. Qf3 Re6
28. Rc5 Rd4 29. Qc3 Qd8 30. Bf5 Re7 31. e6 fxe6 32. Rxe6 Rxe6 33. Bxe6+ Kh8 34.
Bf5 Rd5 35. Rxd5 Qxd5 0-1

[Event "Druzynowe Mistrzostwa Polski Juniorow 2019 - II Liga"]
[Site "Szczyrk"]
[Date "1899-12-30"]
[Round "6.29"]
[White "Czarnecka, Lidia"]
[Black "Bohdanowicz, Nikola"]
[Result "1-0"]
[WhiteTitle "I++"]
[BlackTitle "I"]
[WhiteElo "1731"]
[BlackElo "1266"]

1. e4 c5 2. Nf3 Nc6 3. d4 cxd4 4. Nxd4 e5 5. Nb5 d6 6. N1c3 a6 7. Na3 b5 8. Nd5
Nf6 9. Bg5 Be7 10. Bxf6 Bxf6 11. c4 b4 12. Nc2 O-O 13. g3 Bg5 14. Bg2 Rb8 15.
Qd3 Be6 16. O-O Qd7 17. Rad1 g6 18. f4 Be7 19. b3 Rfd8 20. f5 Bxd5 21. Qxd5 Qa7+
22. Kh1 Qc5 23. fxg6 Qxd5 24. exd5 Na7 25. Rxf7 Re8 26. Rxh7 Nc8 27. Bh3 Bf8 28.
Be6+ Rxe6 29. dxe6 a5 30. Ne3 Ne7 31. Nd5 Nxd5 32. Rxd5 Re8 33. Rxa5 Rxe6 34.
Ra8 Rxg6 35. Rh4 Re6 36. Re4 Kf7 37. Rb8 Be7 38. Rxb4 Rf6 39. Re2 Rf1+ 40. Kg2
Ra1 41. Ra4 Ke6 42. b4 Rc1 43. b5 Bd8 44. Rb2 e4 45. b6 e3 46. b7 Bc7 47. b8=Q
Bxb8 48. Rxb8 Ke7 49. Ra3 Rc2+ 50. Kf3 e2 51. Re3+ Kd7 52. Rxe2 Rxc4 53. h4 1-0

[Event "Druzynowe Mistrzostwa Polski Juniorow 2019 - II Liga"]
[Site "Szczyrk"]
[Date "1899-12-30"]
[Round "6.30"]
[White "Filipiak, Magdalena"]
[Black "Slusarczyk, Anna"]
[Result "0-1"]
[WhiteTitle "I"]
[BlackTitle "I"]
[WhiteElo "1168"]
[BlackElo "1328"]

1. d4 Nf6 2. c4 e6 3. Nc3 Bb4 4. Nf3 O-O 5. e3 b6 6. Bd3 Bb7 7. O-O c5 8. a3 Bxc3
9. bxc3 Be4 10. Ng5 Bxd3 11. Qxd3 h6 12. Nf3 d5 13. cxd5 exd5 14. Ne5 Ne4 15.
f3 c4 16. Qc2 Nf6 17. e4 Qd6 18. Re1 Nbd7 19. Nxd7 Qxd7 20. Qf2 Rfe8 21. exd5
Nxd5 22. Bd2 Qf5 23. Rxe8+ Rxe8 24. Re1 Re6 25. Qh4 g5 26. Qg3 Qd3 27. Rxe6 fxe6
28. Qe1 Kf7 29. h3 Qc2 30. Qc1 Qxc1+ 31. Bxc1 Nxc3 32. Kf2 Nb5 33. Ke3 Kg6 34.
g4 Kf6 35. Bb2 Ke7 36. Ke4 Kd6 37. a4 Nc7 38. Ba3+ Kc6 39. Bb4 a5 40. Bf8 Ne8
41. Bxh6 Nd6+ 42. Ke3 Nf7 43. Bg7 b5 44. axb5+ Kxb5 45. f4 gxf4+ 46. Kxf4 Kb4
47. g5 c3 48. d5 c2 49. Bb2 exd5 50. g6 Nh6 51. g7 a4 52. Kg5 Ng8 53. Kg6 a3 54.
Kf7 axb2 55. Kxg8 c1=Q 56. Kh7 0-1

[Event "Druzynowe Mistrzostwa Polski Juniorow 2019 - II Liga"]
[Site "Szczyrk"]
[Date "1899-12-30"]
[Round "6.31"]
[White "Lewandowski, Wiktor"]
[Black "Rudzinska, Michalina"]
[Result "0-1"]
[WhiteTitle "II+"]
[BlackTitle "WFM"]
[WhiteElo "1749"]
[BlackElo "2143"]

1. e4 c5 2. Nf3 e6 3. d4 cxd4 4. Nxd4 a6 5. g3 d5 6. Bg2 dxe4 7. Bxe4 Nf6 8. Bf3
e5 9. Nb3 Qxd1+ 10. Bxd1 Bh3 11. Nc3 Nc6 12. Bd2 O-O-O 13. Be2 Nd4 14. O-O-O Nxe2+
15. Nxe2 Bg4 16. Rde1 Bf3 17. Rhf1 Ng4 18. h3 Nh2 19. Rg1 Bc6 20. Rd1 Nf3 21.
Ba5 Re8 22. Rgf1 Bb5 23. Nc3 Bxf1 24. Rxf1 Nd4 25. Na4 b5 26. Nb6+ Kb7 27. Nd5
Nxb3+ 28. axb3 Be7 29. Rd1 Bd8 30. Bc3 f6 31. Ne3 Kc6 32. Nf5 g6 33. Nd6 Ref8
34. f4 exf4 35. gxf4 Bc7 36. Ne4 Bxf4+ 37. Kb1 Rd8 38. Rf1 Be5 0-1

[Event "Druzynowe Mistrzostwa Polski Juniorow 2019 - II Liga"]
[Site "Szczyrk"]
[Date "1899-12-30"]
[Round "6.32"]
[White "Wierzbicki, Michal"]
[Black "Kejna, Piotr"]
[Result "1-0"]
[WhiteTitle "I+"]
[BlackTitle "CM"]
[WhiteElo "2007"]
[BlackElo "1726"]

1. d4 Nf6 2. c4 e6 3. Nc3 Bb4 4. Qc2 c5 5. dxc5 Nc6 6. Nf3 Bxc5 7. e3 O-O 8. a3
a5 9. b3 b6 10. Bb2 Bb7 11. Bd3 Ne7 12. h4 h6 13. O-O-O d5 14. Nb5 Ba6 15. Kb1
Bxb5 16. cxb5 Rc8 17. Qe2 Nd7 18. e4 Qc7 19. Ka2 Rfe8 20. e5 d4 21. Qe4 g6 22.
h5 Kg7 23. hxg6 fxg6 24. Bc1 Rh8 25. Rxh6 Rxh6 26. Bxh6+ Kxh6 27. Qh4+ Kg7 28.
Ng5 1-0

[Event "Druzynowe Mistrzostwa Polski Juniorow 2019 - II Liga"]
[Site "Szczyrk"]
[Date "1899-12-30"]
[Round "6.33"]
[White "Eigner, Jerzy"]
[Black "Czarniecki, Pawel"]
[Result "1/2-1/2"]
[WhiteTitle "II+"]
[BlackTitle "II"]
[WhiteElo "1516"]
[BlackElo "1508"]

1. e4 c5 2. Nf3 e6 3. d4 cxd4 4. Nxd4 a6 5. Nc3 Qc7 6. g3 b5 7. Bg2 Bb7 8. O-O
Nf6 9. Re1 d6 10. a4 b4 11. Na2 a5 12. c3 bxc3 13. Nxc3 Nc6 14. Nd5 Nxd5 15. Nb5
Qd7 16. exd5 Nd8 17. Bg5 e5 18. Rc1 Rc8 19. Qd2 h6 20. Be3 Be7 21. Qxa5 O-O 22.
Rxc8 Bxc8 23. Rc1 Qf5 24. Qb6 Nb7 25. Na7 Nc5 26. Nxc8 Rxc8 27. b4 Nxa4 28. Rxc8+
Qxc8 29. Qc6 Qxc6 30. dxc6 Bd8 31. Kf1 Nb6 32. Ke2 Kf8 33. Kd3 Ke7 34. b5 Bc7
35. Kc3 Ke6 36. Kb4 Na8 37. f4 f6 38. b6 Bxb6 39. Bxb6 Nxb6 40. Kb5 Nc8 41. Ka6
Ne7 42. fxe5 fxe5 43. c7 d5 44. Bh3+ Kd6 45. c8=Q Nxc8 46. Bxc8 Kc5 47. Ka5 Kc4
48. Ba6+ Kc3 49. Kb5 Kd4 50. Kb4 e4 51. Kb3 Ke3 52. Kc2 d4 53. Kd1 Kf2 54. Bc4
e3 55. g4 Kg2 56. Be2 Kxh2 57. Kc2 Kg3 58. Kd3 Kf2 59. Bd1 g6 1/2-1/2

[Event "Druzynowe Mistrzostwa Polski Juniorow 2019 - II Liga"]
[Site "Szczyrk"]
[Date "1899-12-30"]
[Round "6.34"]
[White "Pieczulis, Blazej"]
[Black "Komendecki, Antoni"]
[Result "1/2-1/2"]
[WhiteTitle "I"]
[BlackTitle "II"]
[WhiteElo "1480"]
[BlackElo "1416"]

1. d4 Nf6 2. c4 e6 3. Nc3 Bb4 4. Qc2 c5 5. dxc5 Bxc5 6. Nf3 Qb6 7. e3 d5 8. Be2
O-O 9. O-O Bd7 10. b3 Bc6 11. Ne5 Be7 12. Bb2 Nbd7 13. Nxc6 bxc6 14. Rac1 Rfc8
15. Rfd1 Rab8 16. Qd2 Bb4 17. Qd3 Re8 18. h3 Nc5 19. Qc2 h6 20. Nb1 Ncd7 21. Nd2
Bd6 22. Nf3 a5 23. Rb1 Bf8 24. Rdc1 Qa7 25. Nd4 Rec8 26. Qd1 Qb6 27. Nc2 Bd6 28.
Ne1 Be5 29. Bxe5 Nxe5 30. Nd3 Nxd3 31. Qxd3 Qb4 32. Bf3 a4 33. cxd5 cxd5 34. Rxc8+
Rxc8 35. bxa4 1/2-1/2

[Event "Druzynowe Mistrzostwa Polski Juniorow 2019 - II Liga"]
[Site "Szczyrk"]
[Date "1899-12-30"]
[Round "6.35"]
[White "Lascar, Maria Elena"]
[Black "Choinska, Debora"]
[Result "1/2-1/2"]
[WhiteTitle "I+"]
[BlackTitle "I++"]
[WhiteElo "1590"]
[BlackElo "1737"]

1. e4 e5 2. Nf3 Nf6 3. Nc3 Bb4 4. Nxe5 O-O 5. Be2 Re8 6. Nd3 Bxc3 7. dxc3 Nxe4
8. Nf4 d6 9. O-O Nc6 10. a4 a5 11. c4 Ne5 12. Ra3 Bd7 13. Re3 Nf6 14. b3 Ng6 15.
Rxe8+ Qxe8 16. Nxg6 hxg6 17. Bf3 Bc6 18. Re1 Qd7 19. Bb2 Re8 20. Rxe8+ Qxe8 21.
Bxc6 Qxc6 22. Bxf6 gxf6 23. Qd5 Qa6 24. Kf1 b6 25. h4 Qc8 26. h5 Kg7 27. hxg6
fxg6 28. Ke2 Qg4+ 29. Ke3 Qd7 30. Qe4 Kf7 31. g4 Qe6 32. c3 Qxe4+ 33. Kxe4 Ke6
34. f3 c6 35. b4 c5 36. b5 f5+ 37. gxf5+ gxf5+ 38. Kf4 1/2-1/2

[Event "Druzynowe Mistrzostwa Polski Juniorow 2019 - II Liga"]
[Site "Szczyrk"]
[Date "1899-12-30"]
[Round "6.36"]
[White "Walendykiewicz, Martyna"]
[Black "Salamon, Julia"]
[Result "1-0"]
[WhiteTitle "I"]
[BlackTitle "I"]
[WhiteElo "1221"]
[BlackElo "1273"]

1. d4 d5 2. c4 e6 3. Nc3 Nf6 4. Nf3 Be7 5. b3 h6 6. Bb2 c5 7. e3 O-O 8. Be2 Nc6
9. O-O b6 10. cxd5 exd5 11. Qd2 Be6 12. dxc5 Bxc5 13. Rad1 Qe7 14. Bb5 Rac8 15.
Bxc6 Rxc6 16. Rc1 Rd8 17. Rfd1 Bg4 18. Nd4 Bxd4 19. Qxd4 Bxd1 20. Rxd1 Rd7 21.
Qa4 Qc5 22. b4 Qd6 23. Nb5 Qb8 24. Bxf6 Rxf6 25. Nd4 Qc7 26. g3 Qb7 27. Qb5 a6
28. Qd3 b5 29. Nb3 Rdd6 30. Rc1 Rc6 31. Nc5 Qc8 32. Qxd5 Qf5 33. Qxf5 Rxf5 34.
Rd1 Rcxc5 35. bxc5 Rxc5 36. Rd8+ Kh7 37. Rd6 a5 38. Rd2 b4 39. Kf1 Rc3 40. Rb2
Kg6 41. Kg2 Kf5 42. Kf3 h5 43. h3 g5 44. g4+ hxg4+ 45. hxg4+ Ke5 46. Ke2 f5 47.
gxf5 Kxf5 48. f3 Ke5 49. Kd2 Kd5 50. Rb3 Rc4 51. Kd3 Rc5 52. Rb2 Rc3+ 53. Kd2
Ra3 54. Rc2 a4 55. Rb2 Kc4 56. Rc2+ Kb5 57. Rb2 Ka5 58. Rc2 Kb5 59. Rb2 b3 60.
axb3 axb3 61. Kc3 Ka4 62. e4 Ra1 63. Rxb3 Rc1+ 64. Kb2 Re1 65. Rd3 Kb4 66. Rd4+
Kc5 67. Rd5+ Kc4 68. Rxg5 Re2+ 69. Kc1 Re3 70. Rg3 Kd4 71. Kd2 Rd3+ 72. Ke2 Rb3
73. Kf2 Rb2+ 74. Kg1 Rb5 75. Kh2 Re5 76. Kh3 Ke3 77. Kg2 Rb5 78. Rg4 Rb2+ 79.
Kg3 Rb5 80. Rg6 Re5 81. Kg4 Rb5 82. Rg5 Rb4 83. Rf5 Rb8 84. e5 Rg8+ 85. Kh5 Re8
86. Kg6 Kd4 87. f4 Ke4 88. Rf6 Re7 89. e6 Kd5 90. f5 Ke5 91. Rf7 Re8 92. Kg7 Kd6
93. Rf8 Re7+ 94. Kf6 Rb7 95. Rd8+ Kc5 96. e7 Rb6+ 97. Kf7 Rb7 98. Kf8 1-0

[Event "Druzynowe Mistrzostwa Polski Juniorow 2019 - II Liga"]
[Site "Szczyrk"]
[Date "1899-12-30"]
[Round "6.37"]
[White "Grzegorski, Michal"]
[Black "Luczak, Filip"]
[Result "0-1"]
[WhiteTitle "I"]
[BlackTitle "CM"]
[WhiteElo "1763"]
[BlackElo "2144"]

1. e4 c5 2. Nf3 d6 3. Bb5+ Nd7 4. d4 cxd4 5. Qxd4 a6 6. Bxd7+ Bxd7 7. O-O e5 8.
Qd3 h6 9. Nc3 Nf6 10. h3 Rc8 11. Rd1 b5 12. a3 Be7 13. Nh2 Rc4 14. Be3 O-O 15.
Nf1 Be6 16. b3 Rc8 17. Bc1 Rxc3 18. Qxc3 Nxe4 19. Qe3 d5 20. b4 Bh4 21. g3 Bg5
22. Qd3 Qf6 23. f3 Bxc1 24. Raxc1 Ng5 25. Nd2 Nxh3+ 26. Kg2 Qg5 27. Qf1 Nf4+ 28.
Kf2 Nh5 29. Qg2 Rc8 30. c3 d4 31. Ne4 Qe3+ 32. Kf1 Bc4+ 0-1

[Event "Druzynowe Mistrzostwa Polski Juniorow 2019 - II Liga"]
[Site "Szczyrk"]
[Date "1899-12-30"]
[Round "6.38"]
[White "Majewski, Krzysztof"]
[Black "Klaska, Szymon"]
[Result "1-0"]
[WhiteTitle "I"]
[BlackTitle "III"]
[WhiteElo "1719"]
[BlackElo "1332"]

1. e4 c5 2. c4 d6 3. Nc3 g6 4. g3 Bg7 5. Bg2 Nc6 6. Nge2 e6 7. O-O Nge7 8. d3 Nd4
9. Nxd4 Bxd4 10. Ne2 Bg7 11. Rb1 O-O 12. Be3 Nc6 13. d4 cxd4 14. Nxd4 Ne5 15.
b3 a6 16. f4 Nd7 17. Ne2 Qc7 18. Qd2 Rd8 19. Rfd1 Nf6 20. h3 Rb8 21. Ba7 Ra8 22.
Qe3 Qe7 23. Bb6 Re8 24. Qd3 Bf8 25. Rbc1 d5 26. cxd5 exd5 27. e5 Qb4 28. Bd4 Ne4
29. Nc3 Nxc3 30. Bxc3 Qb6+ 31. Bd4 Qa5 32. a4 Be6 33. g4 Bh6 34. Rc5 Qb4 35. f5
b6 36. Rc7 Rac8 37. Ra7 Ra8 38. Rxa8 Rxa8 39. fxe6 fxe6 40. Be3 Bg7 41. Bxd5 Rf8
42. Bxe6+ Kh8 43. Bd5 Rd8 44. Qc4 Qe7 45. Bf3 Rf8 46. Bg2 b5 47. axb5 axb5 48.
Qxb5 Bxe5 49. Qxe5+ 1-0

[Event "Druzynowe Mistrzostwa Polski Juniorow 2019 - II Liga"]
[Site "Szczyrk"]
[Date "1899-12-30"]
[Round "6.39"]
[White "Franek, Diana"]
[Black "Grzesik, Gracjan"]
[Result "0-1"]
[WhiteTitle "I"]
[BlackTitle "I++"]
[WhiteElo "1318"]
[BlackElo "1974"]

1. e4 c5 2. Nf3 d6 3. Bb5+ Bd7 4. Bxd7+ Qxd7 5. c4 Nc6 6. d3 g6 7. Be3 Bg7 8. Qd2
h6 9. O-O e5 10. Qe2 Nge7 11. Bd2 O-O 12. Nc3 f5 13. h4 f4 14. g3 Qh3 15. Be1
Nd4 16. Nxd4 cxd4 17. Nd5 f3 18. Nxe7+ Kh7 0-1

[Event "Druzynowe Mistrzostwa Polski Juniorow 2019 - II Liga"]
[Site "Szczyrk"]
[Date "1899-12-30"]
[Round "6.40"]
[White "Bochniak, Franciszek"]
[Black "Rosinski, Filip"]
[Result "1-0"]
[WhiteTitle "II+"]
[BlackTitle "II"]
[WhiteElo "1194"]
[BlackElo "1375"]

1. e4 c5 2. d4 cxd4 3. c3 dxc3 4. Nxc3 e5 5. Nf3 d6 6. Bc4 h6 7. Bxf7+ Kxf7 8.
Nxe5+ Kf6 9. Qf3+ Kxe5 10. Qf7 Ne7 11. Be3 d5 12. Bf4+ Kd4 13. O-O-O Kc5 14. Nxd5
Nxd5 15. Rxd5+ Qxd5 16. Qxd5+ Kb6 17. a4 Bd7 18. Bxb8 Rxb8 19. Qxd7 h5 20. Rd1
a6 21. a5+ Ka7 22. Qc7 g6 23. Kb1 Rg8 24. Rd8 1-0

[Event "Druzynowe Mistrzostwa Polski Juniorow 2019 - II Liga"]
[Site "Szczyrk"]
[Date "1899-12-30"]
[Round "6.41"]
[White "Piotrowska, Florentyna"]
[Black "Bienko, Jagoda"]
[Result "1/2-1/2"]
[WhiteTitle "I"]
[BlackTitle "I"]
[WhiteElo "1278"]
[BlackElo "1415"]

1. e4 c5 2. Nf3 Nc6 3. Bb5 Nf6 4. Nc3 d6 5. O-O e5 6. h3 a6 7. Bxc6+ bxc6 8. d3
Be7 9. Ne2 Be6 10. c3 Qc7 11. Ng3 d5 12. Re1 Bd6 13. Qe2 Nd7 14. Ng5 O-O 15. Nxe6
fxe6 16. Bg5 Nf6 17. Nh5 Nxh5 18. Qxh5 Rab8 19. Rab1 Qa5 20. Qg4 Rbe8 21. a3 Qb5
22. Qe2 Rf7 23. Bh4 d4 24. c4 Qb3 25. Qd1 Rb7 26. Qe2 Rf7 27. f3 Rb7 28. Rf1 Qa2
29. Qc2 Rb3 30. Rf2 Reb8 31. Kh2 Rxa3 32. bxa3 Qxb1 33. Qa4 Qb6 34. Qc2 Qb3 35.
a4 Qxc2 36. Rxc2 Rb3 37. Rd2 Ra3 38. Bd8 Rxa4 39. Kg3 Kf7 40. Kf2 Ke8 41. Bb6
a5 42. Rb2 Rb4 43. Rxb4 axb4 44. Ke2 Kf7 45. Kd2 Kg6 46. Bd8 Kf7 47. Bb6 Be7 48.
g3 h5 49. Bc7 Kf6 50. h4 g6 51. Kc2 g5 52. hxg5+ Kxg5 53. Bxe5 h4 54. f4+ Kg4
55. gxh4 Kxh4 56. f5 exf5 57. exf5 Kg4 58. f6 Bf8 59. Bc7 Kf5 60. Bd8 Ke6 61.
Kb3 Kd7 62. Bb6 Bd6 63. Kc2 Ke6 64. Bd8 Bf8 65. Kb3 Bd6 66. Kc2 Kf7 67. Kb3 1/2-1/2

[Event "Druzynowe Mistrzostwa Polski Juniorow 2019 - II Liga"]
[Site "Szczyrk"]
[Date "1899-12-30"]
[Round "6.42"]
[White "Grzesik, Nikola"]
[Black "Jedrzejewska, Zuzanna"]
[Result "1-0"]
[WhiteTitle "I"]
[BlackTitle "I"]
[WhiteElo "1338"]
[BlackElo "1189"]

1. e4 c5 2. Nf3 d6 3. d4 cxd4 4. Nxd4 Nf6 5. Nc3 a6 6. Be2 e5 7. Nb3 Be7 8. O-O
O-O 9. Be3 b5 10. a3 Bb7 11. f3 Nbd7 12. Bd3 Qc7 13. Qd2 Rac8 14. Nc1 Nb6 15.
N1e2 Nc4 16. Bxc4 Qxc4 17. Rac1 Nd7 18. Ng3 Qc7 19. Nf5 Rfe8 20. Bg5 Bxg5 21.
Qxg5 g6 22. Ne7+ Kg7 23. Nxc8 Rxc8 24. f4 exf4 25. Qxf4 Nb6 26. Nd5 Nxd5 27. exd5
Bxd5 28. Qd4+ f6 29. Qxd5 Qc5+ 30. Qxc5 Rxc5 31. Rfe1 Kf7 32. c3 d5 33. Rcd1 1-0

[Event "Druzynowe Mistrzostwa Polski Juniorow 2019 - II Liga"]
[Site "Szczyrk"]
[Date "1899-12-30"]
[Round "6.43"]
[White "Tustanowski, Mateusz"]
[Black "Mazurek, Bartosz"]
[Result "0-1"]
[WhiteTitle "I++"]
[BlackTitle "I"]
[WhiteElo "1948"]
[BlackElo "1857"]

1. e4 c6 2. d4 d5 3. e5 Bf5 4. Bd3 Bxd3 5. Qxd3 e6 6. Be3 Ne7 7. Nd2 Nd7 8. Ne2
Nf5 9. Ng3 Nh4 10. O-O Be7 11. f4 g6 12. Kh1 Qc7 13. Rac1 b6 14. c4 Qb7 15. Rc2
O-O 16. f5 Nxf5 17. Nxf5 exf5 18. Bh6 Rfe8 19. cxd5 cxd5 20. Nf3 Bf8 21. Qe3 Bg7
22. Rcf2 Nf6 23. h3 Ne4 24. Bxg7 Nxf2+ 25. Qxf2 Kxg7 26. Nh4 Qe7 27. Qg3 Kh8 28.
Nf3 Rac8 29. Qf4 Kg7 30. Nh4 h6 31. Qg3 Qg5 32. Qf2 Rc1 33. Nf3 Rxf1+ 34. Qxf1
Qf4 35. Qa6 Qc1+ 36. Kh2 Rc8 37. Kg3 g5 38. Qa4 Rc2 39. Kh2 Qf4+ 40. Kg1 Rc1+
41. Kf2 g4 42. e6 gxf3 43. e7 fxg2+ 44. Kxg2 Qe4+ 45. Kf2 Qxe7 0-1

[Event "Druzynowe Mistrzostwa Polski Juniorow 2019 - II Liga"]
[Site "Szczyrk"]
[Date "1899-12-30"]
[Round "6.44"]
[White "Kebel, Bartosz"]
[Black "Kukula, Karol"]
[Result "0-1"]
[WhiteTitle "II"]
[BlackTitle "I"]
[WhiteElo "1463"]
[BlackElo "1770"]

1. d4 Nf6 2. c4 e6 3. Nf3 Bb4+ 4. Bd2 Qe7 5. Qc2 Bxd2+ 6. Nbxd2 d6 7. e4 e5 8.
d5 O-O 9. g3 Nh5 10. Bg2 f5 11. exf5 Bxf5 12. Ne4 Nf6 13. Nfd2 Nxe4 14. Nxe4 Nd7
15. O-O Nc5 16. b4 Nxe4 17. Bxe4 g6 18. Rac1 a5 19. a3 axb4 20. axb4 b6 21. Ra1
Qd7 22. f4 Bxe4 23. Qxe4 Rxa1 24. Rxa1 exf4 25. Qe6+ Qxe6 26. dxe6 fxg3 27. hxg3
Re8 28. Ra7 Re7 29. Kf2 Kg7 30. Kf3 Kf6 31. Ra8 Kxe6 32. Ke4 Kd7+ 33. Kd3 Re8
34. Ra2 Re5 35. Rf2 Rf5 36. Rg2 h5 37. Ke4 b5 38. Kd4 bxc4 39. Kxc4 Rg5 40. Kc3
Rg4 41. Rf2 Rxg3+ 42. Kc4 Kc6 43. Rf7 h4 44. Rh7 g5 45. Rh5 h3 46. b5+ Kb7 47.
Kd4 0-1

[Event "Druzynowe Mistrzostwa Polski Juniorow 2019 - II Liga"]
[Site "Szczyrk"]
[Date "1899-12-30"]
[Round "6.45"]
[White "Pisarek, Jan"]
[Black "Sleczka, Krzysztof"]
[Result "1-0"]
[WhiteTitle "I"]
[BlackTitle "II"]
[WhiteElo "1616"]
[BlackElo "1191"]

1. e4 e5 2. Nf3 Nc6 3. Bc4 Nf6 4. d4 exd4 5. e5 d5 6. Bb5 Ne4 7. Nxd4 Bd7 8. Bxc6
bxc6 9. O-O Bc5 10. f3 Ng5 11. f4 Ne6 12. Be3 Qc8 13. c3 Bb6 14. Nd2 Nxd4 15.
cxd4 Bf5 16. Qa4 Bd7 17. Qc2 g6 18. Nf3 O-O 19. Nh4 Qd8 20. Qf2 f5 21. Rac1 Qe7
22. Bd2 Rab8 23. Nf3 h6 24. Qe1 Qe6 25. Bb4 Rf7 26. Qd2 Rg7 27. Rc2 Kh8 28. h4
Rbg8 29. a4 a6 30. a5 Ba7 31. Rfc1 Rb8 32. Ba3 Rbg8 33. Qd3 Ra8 34. Rc3 Rgg8 35.
Rb3 Rgb8 36. Rxb8+ Bxb8 37. Bc5 Qe8 38. Qa3 Ba7 39. Rc3 Bxc5 40. Qxc5 Qe6 41.
Rb3 Bc8 42. Qf8+ Kh7 43. Re3 Bb7 44. Qf6 Re8 45. Rb3 Bc8 46. Rb8 Qxf6 47. exf6
Kg8 48. Ne5 c5 49. f7+ 1-0

[Event "Druzynowe Mistrzostwa Polski Juniorow 2019 - II Liga"]
[Site "Szczyrk"]
[Date "1899-12-30"]
[Round "6.46"]
[White "Uhryn, Mateusz"]
[Black "Duda, Leon"]
[Result "1-0"]
[WhiteTitle "II"]
[BlackTitle "II"]
[WhiteElo "1321"]
[BlackElo "1272"]

1. c4 e5 2. Nc3 Nf6 3. Nf3 Nc6 4. e4 d6 5. d3 Be7 6. Be2 O-O 7. h3 Nd4 8. O-O c6
9. Be3 Nxf3+ 10. Bxf3 Be6 11. Qb3 b5 12. Be2 bxc4 13. dxc4 d5 14. exd5 cxd5 15.
cxd5 Bxd5 16. Nxd5 Qxd5 17. Bc4 Qa5 18. Rfd1 Rab8 19. Qc2 Rfc8 20. Rac1 h6 21.
Qf5 Rf8 22. Bd2 Bb4 23. Bxh6 Nh7 24. Qg6 1-0